01373nam a2200337Ii 4500001001100000003000800011006001900019007001500038008004100053020001500094020001800109035002100127040002600148050001600174245024600190250001100436264016700447300004200614336002600656337002600682338003600708490002000744504004100764650002800805650003200833655002200865700002800887700002800915830002000943856007200963DIGANT0192NyNyDIGm o d cr |||||||||||120901s2006 sp a obd 000 0 spa d z8476587996 z9788476587997 a(OCoLC)888253835 aDGITAbengepncDGITA14aBD331 eBook00aDiccionario de la existencia :basuntos relevantes de la vida humana : Lao-Tsé, Epicuro, San Pablo, F. Nietzsche, M. Heidegger, G. Vattimo, M. Maffesoli, C. Castoriadis, R. Panikkar y otros /cAndrés Ortiz-Osés, Patxi Lanceros (dirs.). a1. ed. 1aRubí, Barcelona :bAnthropos Editorial;aMéxico :bCentro Regional de Investigaciones Multidisciplinarias, Universidad Nacional Autónoma de México,c2006. a1 online resource (653 pages) :bill. atextbtxt2rdacontent acomputerbc2rdamedia aonline resourcebcr2rdacarrier1 aObras generales aIncludes bibliographical references. 0aOntologyvDictionaries. 0aHermeneuticsvDictionaries. 0aElectronic books.1 aOrtiz-Osés, Andrés.1 aLanceros, Patxi,d1962- 0aObras generales403Digitalia Hispánicauhttps://www.digitaliapublishing.com/a/15635/